Capacitar : (Record no. 1346)

MARC details
000 -LÍDER
Campo Fixo de Controle 01083nam a2200289 a 4500
001 - NÚMERO DE CONTROLE
Campo de Controle 1346
003 - IDENTIFICAÇÃO DO NÚMERO DE CONTROLE
Campo de Controle BR-CuiBMT
005 - DATA E HORA DA ÚLTIMA ATUALIZAÇÃO
Campo de Controle 20231206184950.0
008 - DADOS FIXOS
Dados Fixos 231205s2014 dfb 000 0 por d
020 ## - INTERNATIONAL STANDARD BOOK NUMBER
Nº do ISBN 9788588652804
040 ## - AGÊNCIA CATALOGADORA
Código da Agência Catalogadora BR-CuiBMT
Agência que transcreveu o registro BR-CuiBMT
080 ## - Nº DA CLASSIFICAÇÃO DECIMAL UNIVERSAL
Nº Class. CDU 347.964.1:331.1
Nº edição CDU 2007
090 ## - NÚMERO DE CHAMADA
Nº classificação 347.964.1:331.1
Cutter C236
111 10 - ENTRADA PRINCIPAL -- EVENTO
Nome do evento ou lugar Curso de Ingresso e Vitaliciamento para Procuradores do Trabalho
Número da parte/seção do evento 8.
Local de realização do evento Brasília.
245 10 - TÍTULO PRINCIPAL
Título principal Capacitar :
Subtítulo VIII curso de ingresso e vitaliciamento para procuradores do trabalho /
Indicação de responsabilidade [organização] Augusto Grieco Sant'Anna Meirinho ... [et al.]
246 ## - FORMAS VARIANTES DO TÍTULO
Título principal VIII curso de ingresso e vitaliciamento para procuradores do trabalho.
260 ## - PUBLICAÇÃO, DISTRIBUIÇÃO, ETC.
Local de publicação Brasília :
Editora ESMUP,
Data 2014.
300 ## - DESCRIÇÃO FÍSICA
N. páginas ou volumes 278 p.:
Dimensões 22 cm
490 1# - INDICAÇÃO DE SÉRIE
Título da série Série Capacitar
Volume/designação sequencial da série v. 2
504 ## - NOTA DE BIBLIOGRAFIA, ETC.
Nota de bibliografia Inclui bibliografia.
610 ## - ASSUNTO -- ENTIDADE
Nome da Entidade ou lugar Brasil
Unidade subordinada Ministério Público do Trabalho.
650 ## - ASSUNTO TÓPICO
Cabeçalho tópico ou nome geográfico Direito do trabalho
Subdivisão geográfica Brasil
650 ## - ASSUNTO TÓPICO
Cabeçalho tópico ou nome geográfico Meio ambiente do trabalho
710 ## - ENTRADA SECUNDÁRIA -- ENTIDADE
Nome da entidade ou lugar Escola Superior do Ministério Público da União
830 ## - ENTRADA SECUNDÁRIA DE SÉRIE -- TÍTULO UNIFORME
Título uniforme Capacitar
Nº do volume/designação sequencial da série 2
942 ## - ELEMENTOS DE ENTRADA ADICIONAIS (KOHA)
Fonte de classificação ou esquema de arquivamento Classificação Decimal Universal
Tipo de item do Koha Livros
Holdings
Estado: removido Estado: perdido Fonte de classificação ou esquema de arquivamento Estado: danificado Indisponível para empréstimo Localização permanente Localização atual Data de aquisição Total Checkouts Número de Chamada completo Código de barras Date last seen Número do exemplar Preço efetivo a partir de Tipo de item (Koha)
    Classificação Decimal Universal     Biblioteca da Escola Superior de Contas do TCE/MT Biblioteca da Escola Superior de Contas do TCE/MT 05/12/2023   347.964.1:331.1 C236 BIBTCEMT23120226 05/12/2023 Ex. 1 05/12/2023 Livros

Powered by Koha